000 00436nam a2200157Ia 4500
008 221030s9999 xx 000 0 und d
020 _a9380016979
041 _aEnglish
082 _a105.23
100 _aI. Singh
245 0 _aSoft Computing : Neural Networks, Fuzzy Logic, Genetic Algorithm & Probabilistic Reasoning
_cby I. Singh
260 _bKhanna Pub.
_aNew Delhi
_c2010
300 _a656
650 _aComputers
942 _cBK
999 _c9639
_d9639